• 首页
  • 本馆介绍
  • 公告通知
  • 最新文献
  • 馆藏检索
  • 电子资源
  • 读者导购
  • 参考咨询
  • 我的图书馆
  • 登录
  • 详细信息显示
  • 放入我的书架
  • 预约/预借图书
  • 作者相关作品
  • 分类相关作品
  • 丛书相关作品
  • 出版社相关作品

书目信息

  • 表格格式
  • 工作单格式
  • 卡片格式
题名:
艺术设计美学
    
 
作者: 陈望衡 主编
分册:  
出版信息: 武汉   武汉大学出版社  2000
页数: 419,10页
开本: 21cm
丛书名:
单 册:
中图分类: J06
科图分类:
主题词: 美术创作--造型设计--艺术美学
电子资源:
ISBN: 7-307-02851-4
000 00810nam0 2200241 4500
001 110000002651
005 20050930095925.51
010    @a7-307-02851-4@dCNY19.50
100    @a20050122e20032000ekmy0chiy0120 ea
101 0  @achi
102    @aCN@b420000
105    @aafk az 000yy
200 1  @a艺术设计美学@9yi shu she ji mei xue@f陈望衡主编@Fchen wang heng zhu bian
210    @a武汉@c武汉大学出版社@d2000@h2003重印
215    @a419,10页@c图,图版@d21cm
320    @a有书目
330    @a本书包括:艺术设计的性质、设计美的性质、设计美的构成、艺术设计的风格、色彩设计、工业文明与现代设计、后工业文明与后现代设计等内容。
606 0  @a美术创作@x造型设计@x艺术美学
690    @aJ06@v4
701  0 @a陈望衡@Achen wang heng@4主编
801  0 @aCN@bTSSF@c20050930
905    @a10447@dJ06@e138
999    @aHSJ@eGLX
    
    艺术设计美学/陈望衡主编.-武汉:武汉大学出版社,2000(2003重印)
    419,10页:图,图版;21cm
    
    
    ISBN 7-307-02851-4:CNY19.50
    本书包括:艺术设计的性质、设计美的性质、设计美的构成、艺术设计的风格、色彩设计、工业文明与现代设计、后工业文明与后现代设计等内容。
●
相关链接 在E读中查询图书 在五车中查询图书 在当当中查询图书 在豆瓣中查询图书


正题名:艺术设计美学     索取号:J06/138         预约/预借

序号 登录号 条形码 馆藏地/架位号 状态 备注
1 0364098   3640983   第一样本阅览室/ [索取号:J06/138] 在馆    
2 0364099   3640992   第一借阅区/ [索取号:J06/138] 在馆    
3 0364100   3641009   第一借阅区/ [索取号:J06/138] 在馆    
4 0364101   3641018   第一借阅区/ [索取号:J06/138] 在馆    
5 0364102   3641027   第一借阅区/ [索取号:J06/138] 在馆    
唐山师范学院图书馆 欢迎您!
大连网信软件有限公司© 版权所有